000 00825nam a2200277 i 4500
001 172664
003 ES-MaACL
005 20250710062734.0
007 t|
008 090812s1992 fr ||||1| fre d
020 _a2-13-044396-6
080 _a801.6
080 _a811.133.1:801.6
100 1 _aAquien, Michèle.
_9141159
245 1 3 _aLa versification /
_cMichèle Aquien.
250 _a2e éd. corr.
260 _aParis :
_bPresses Universitaires de France,
_c1992.
300 _a127 p. ;
_c18 cm.
490 1 _aQue sais-je? ;
_v1377
500 _aÍndice.
650 1 4 _aVersificación.
_9136980
650 0 4 _aLengua francesa-
_xVersificación.
_914235
830 0 0 _aQue sais-je?
_v1377
_9180931
852 4 _aES-MaACL
_jE-12962
_9R.139189
_z. - Biblioteca Jacinto Martínez Lacalle
999 _c172664
_d172664